La decouverte de Dieu

Salvato in:
Dettagli Bibliografici
Autore principale: Le Senne, René (Autore)
Natura: Libro
Lingua:francese
Pubblicazione: París Aubier 1955
Serie:Philosophie de l'Esprit
Soggetti:
Tags: Aggiungi Tag
Nessun Tag, puoi essere il primo ad aggiungerne!!

MARC

LEADER 00000nam a2200000 a 4500
001 UCN9391
003 CL-VaPUC
008 011130e19550000FR |||||||||||||||||fre|d
082 0 4 |a 110  |b LES  |2 21 
100 |a Le Senne, René  |e author  |9 465993 
245 1 3 |a La decouverte de Dieu 
300 |a 286 p 
942 |c BK 
945 |d 20011130 00:00:00  |a crobeson 
260 |a París  |b Aubier  |c 1955 
600 0 |a Dios  |9 314467 
650 0 |a Metafísica  |9 265649 
650 0 |a Filosofía del espíritu  |9 320175 
650 7 |a AXOLOGIA  |2 CL-VaPUC  |9 465994 
650 0 |a Inmanencia   |9 465995 
650 0 |a Trascendencia  |9 389448 
583 |a last modification  |c 20011130 00:00:00  |k Rodrigo Vera 
490 0 |a Philosophie de l'Esprit 
999 |c 298829  |d 298827 
952 |0 0  |1 0  |4 0  |6 110_000000000000000_LES_1955  |7 0  |8 P  |9 354770  |a BIBEDU  |b BIBEDU  |c BIBEDU_PB  |d 2019-11-21  |i 3774619  |o 110 LES 1955  |p 3774619  |r 2024-01-25  |w 2019-11-21  |y BK  |k FIL